| 000 | 01094nam a2200265 i 4500 | ||
|---|---|---|---|
| 001 | bg | ||
| 245 | 0 | 0 |
_aPodstawy projektowania układów i obiektów wodociągowych : _bwybrane zagadnienia : praca zbiorowa / _cpod red. Karola Kusia ; [aut. poszczeg. rozdz. Grzegorz Górski et al.]. |
| 250 | _aWyd. 2. | ||
| 260 |
_aGliwice : _bWydaw. PŚ, _c1998. |
||
| 300 |
_a280 s., [2] k. tabl. złoż. : _b2 pl., rys., wykr. ; _c24 cm. |
||
| 490 | 1 |
_aSkrypty Uczelniane / [Politechnika Śląska], _x0434-0825 ; _vnr 2127 |
|
| 504 | _aBibliogr. i normy przy rozdz. | ||
| 521 | _aDla studentów Wydz. Inżynierii Środowiska i Energetyki. | ||
| 650 | 9 |
_aWodociągi _xurządzenia _xprojekty |
|
| 655 | _aPodręczniki akademickie | ||
| 700 | 1 |
_aKuś, Karol. _eRed. |
|
| 700 | 1 |
_aGórski, Grzegorz _c(nauki techniczne). |
|
| 830 | 0 |
_aSkrypty Uczelniane ([Politechnika Śląska]) ; _vnr 2127 |
|
| 040 | _cBPK | ||
| 041 | 0 | _apl | |
| 080 | _a628.1(075.8) | ||
| 942 | _cKS | ||
| 008 | s pl f |000 0 pol | ||
| 999 |
_c39772 _d39772 |
||
| 856 |
_uhttp://koha.tu.koszalin.pl/cgi-bin/koha/opac-detail.pl?biblionumber=39772 _yKatalog online BPK |
||